Estatísticas para Cidade a País - Seleção de Quadro

Clique aqui para jogar o quiz

Estatísticas Gerais

  • Esse quiz foi jogado 1 786 vezes
    (1 783 desde o último reset)
  • A pontuação média é 43 de 60

Estatísticas das Respostas

QuestãoBlocoSelect% Correto
MéxicoCidade do PanamáNão
94%
FrançaParisSim
94%
MéxicoBilbauNão
93%
FrançaSaragoçaNão
92%
FrançaYaoundéNão
92%
MéxicoMalaboNão
89%
FrançaPalermoNão
89%
RússiaAlmatyNão
87%
ÍndiaColomboNão
87%
Arábia SauditaFujeiraNão
86%
FrançaGenebraNão
86%
MéxicoTucsonNão
85%
RússiaUlaanbaatarNão
85%
MéxicoGuadalajaraSim
84%
RússiaSapporoNão
84%
ÍndiaXunquimNão
84%
Arábia SauditaManamaNão
83%
RússiaTbilisiNão
83%
FrançaGanteNão
82%
Arábia SauditaGazaNão
82%
FrançaToulouseSim
82%
MéxicoAcapulcoSim
81%
Arábia SauditaBaçoráNão
81%
MéxicoSan DiegoNão
81%
Arábia SauditaTel AvivNão
81%
RússiaÜrümqiNão
81%
RússiaVladivostoqueSim
81%
Arábia SauditaDubaiNão
79%
MéxicoTijuanaSim
79%
ÍndiaLassaNão
78%
ÍndiaBombaimSim
77%
FrançaBordéusSim
77%
ÍndiaChitagongueNão
77%
FrançaMónacoNão
73%
Arábia SauditaAdemNão
72%
ÍndiaCarachiNão
72%
MéxicoTegucigalpaNão
72%
ÍndiaThimphuNão
72%
RússiaDonetskNão
70%
ÍndiaCalcutáSim
69%
RússiaCarcóviaNão
69%
MéxicoMonterreySim
68%
RússiaNovosibirskSim
67%
Arábia SauditaRiadeSim
67%
Arábia SauditaSalaláNão
66%
Arábia SauditaMecaSim
64%
ÍndiaJaipurSim
58%
RússiaSóchiSim
58%
FrançaLiãoSim
55%
MéxicoEl PasoNão
54%
Arábia SauditaJidáSim
54%
RússiaNijni NovgorodSim
49%
FrançaLilaSim
46%
ÍndiaAgraSim
42%
ÍndiaPatnáSim
41%
FrançaAjácioSim
35%
ÍndiaAmedabadeSim
35%
Arábia SauditaDamãSim
35%
MéxicoCabo San LucasSim
32%
RússiaUfáSim
21%

Distribuição das Pontuações

Percentil de Números Respondidos

Porcentagem de Pessoas com Cada Pontuação

Sua Pontuação Histórica

Você não jogou esse quiz desde o último reset